| 000 | 00673nam a2200181Ia 4500 | ||
|---|---|---|---|
| 008 | 090711s9999 xx 000 0 und d | ||
| 082 | _b1266 | ||
| 100 | _aवाजपेयी अटल बिहारी | ||
| 245 | _aगीत नवे गातो मी | ||
| 260 |
_bविवेक व्यासपीठप्रकाशन _c1997 |
||
| 300 | _a216 | ||
| 600 | _aवाजपेयी अटल बिहारी | ||
| 630 | _aगीत नवे गातो मी | ||
| 700 | _aवाजपेयी अटल बिहारी | ||
| 700 | _aलेले अरविंद | ||
| 730 | _aगीत नवे गातो मी | ||
| 942 | _cBOOK | ||
| 999 |
_c324757 _d324757 |
||